[Event "Kazan op"]
[Site "Kazan"]
[Date "2010.11.28"]
[Round "6"]
[White "Faizrakhmanov, Ramil"]
[Black "Amirkhanov, Roustem"]
[Result "1-0"]
[WhiteElo "2043"]
[BlackElo "2304"]
[PlyCount "83"]
[EventDate "2010.11.22"]
[EventType "swiss"]
[EventRounds "9"]
[EventCountry "RUS"]
[SourceTitle "CBM 139 Extra"]
[Source "ChessBase"]
[SourceDate "2011.01.05"]
[SourceVersion "1"]
[SourceVersionDate "2011.01.05"]
[SourceQuality "1"]

1. d4 e6 2. c4 f5 3. g3 Nf6 4. Bg2 c6 5. Qc2 d5 6. Nh3 Bd6 7. 0-0 0-0 8. Bf4 Be7 9. Bxb8 Rxb8 10. Nf4 Bd6 11. Nd3 Ne4 12. f3 Ng5 13. Nd2 Qf6 14. e3 Bd7 15. a4 h5 16. Qc3 h4 17. gxh4 Nh7 18. Ne5 Qxh4 19. e4 c5 20. cxd5 exd5 21. f4 Bxe5 22. dxe5 dxe4 23. Qxc5 Bc6 24. Nc4 g5 25. Qe3 b5 26. Nd6 bxa4 27. Rac1 Bd7 28. Qxa7 Rxb2 29. Qd4 Rxg2+ 30. Kxg2 gxf4 31. Kh1 Be6 32. Qa7 Kh8 33. Rg1 Qh6 34. Rc7 Ng5 35. Qxa4 Bd5 36. Qd1 Ba8 37. Ra7 Bc6 38. Qc1 Nf3 39. Rg2 Qh4 40. e6 Ne5 41. Nf7+ Nxf7 42. Qc3+ 1-0

[Event "Privolzhskogo FO-ch"]
[Site "Kazan"]
[Date "2009.01.27"]
[Round "7"]
[White "Sharafiev, Azat"]
[Black "Amirkhanov, Roustem"]
[Result "1-0"]
[WhiteElo "2421"]
[BlackElo "2288"]
[PlyCount "69"]
[EventDate "2009.01.21"]
[EventType "swiss"]
[EventRounds "9"]
[EventCountry "RUS"]
[SourceTitle "EXT 2010"]
[Source "ChessBase"]
[SourceDate "2010.11.25"]
[SourceVersion "1"]
[SourceVersionDate "2010.11.25"]
[SourceQuality "1"]

1. d4 d5 2. c4 c6 3. Nc3 Nf6 4. Nf3 e6 5. Bg5 dxc4 6. e4 b5 7. e5 h6 8. Bh4 g5 9. Nxg5 hxg5 10. Bxg5 Nbd7 11. g3 Bb7 12. Bg2 Qa5 13. exf6 0-0-0 14. 0-0 b4 15. Ne4 c5 16. Qe2 Bd5 17. Rfd1 Nb6 18. a3 b3 19. Bd2 Qb5 20. Nc3 Qc6 21. Nxd5 exd5 22. Qg4+ Qd7 23. Qxd7+ Kxd7 24. Ba5 Kc6 25. Rac1 Kb5 26. dxc5 Kxa5 27. cxb6 axb6 28. Rxc4 dxc4 29. Rxd8 Bxa3 30. Rxh8 Bxb2 31. Bd5 Kb4 32. Rc8 c3 33. Be4 Bc1 34. Kf1 Bg5 35. Rc6 1-0

[Event "Privolzhskogo FO-ch"]
[Site "Kazan"]
[Date "2009.01.24"]
[Round "4"]
[White "Amirkhanov, Roustem"]
[Black "Geller, Jakov"]
[Result "1/2-1/2"]
[WhiteElo "2288"]
[BlackElo "2523"]
[PlyCount "103"]
[EventDate "2009.01.21"]
[EventType "swiss"]
[EventRounds "9"]
[EventCountry "RUS"]
[SourceTitle "EXT 2010"]
[Source "ChessBase"]
[SourceDate "2010.11.25"]
[SourceVersion "1"]
[SourceVersionDate "2010.11.25"]
[SourceQuality "1"]

1. e4 c5 2. Nc3 e6 3. g3 Nc6 4. Bg2 g6 5. d3 Bg7 6. f4 d6 7. Nf3 Nge7 8. 0-0 0-0 9. Be3 b6 10. d4 cxd4 11. Nxd4 Ba6 12. Rf2 Na5 13. f5 Nc4 14. Bc1 e5 15. Ndb5 Bxb5 16. Nxb5 a6 17. Nc3 f6 18. b3 Na5 19. Nd5 Nac6 20. Be3 b5 21. a4 b4 22. a5 Rf7 23. Bh3 gxf5 24. Bxf5 Nxf5 25. Rxf5 Ne7 26. Rf2 Nxd5 27. Qxd5 Rc8 28. Rd1 Bf8 29. Rdf1 Bg7 30. Bg5 Rc5 31. Qe6 Qd7 32. Qxd7 Rxd7 33. Bxf6 Bxf6 34. Rxf6 Kg7 35. R1f2 Rxa5 36. Re6 Rc5 37. Rd2 a5 38. Kf2 Kf7 39. Rh6 Kg7 40. Re6 Rdc7 41. Rexd6 Rxc2 42. Ke2 R7c5 43. g4 R5c3 44. R6d5 Rxd2+ 45. Kxd2 Rxb3 46. Rxa5 Rb2+ 47. Kd3 Rxh2 48. Rxe5 Rg2 49. Rb5 b3 50. Rxb3 Rg3+ 51. Kc4 Rxg4 52. Kd5 1/2-1/2

[Event "Tatarstan-ch op"]
[Site "Kazan"]
[Date "2008.08.26"]
[Round "6"]
[White "Amirkhanov, Roustem"]
[Black "Sharafiev, Azat"]
[Result "0-1"]
[WhiteElo "2278"]
[BlackElo "2418"]
[PlyCount "76"]
[EventDate "2008.08.21"]
[EventType "swiss"]
[EventRounds "9"]
[EventCountry "RUS"]
[SourceTitle "EXT 2010"]
[Source "ChessBase"]
[SourceDate "2010.11.25"]
[SourceVersion "1"]
[SourceVersionDate "2010.11.25"]
[SourceQuality "1"]

1. e4 c5 2. Nc3 g6 3. g3 Bg7 4. Bg2 Nc6 5. d3 d6 6. f4 h5 7. Nf3 Bg4 8. h3 Bxf3 9. Qxf3 h4 10. g4 e5 11. f5 Nd4 12. Qf2 g5 13. Nd5 f6 14. c3 Nc6 15. 0-0 Nge7 16. Bxg5 fxg5 17. f6 0-0 18. Qd2 Nxd5 19. exd5 Nb8 20. fxg7 Rf4 21. Rxf4 gxf4 22. d4 cxd4 23. cxd4 Kxg7 24. Qb4 Qb6 25. Qxb6 axb6 26. Rc1 Na6 27. a3 exd4 28. Rc4 d3 29. Bf1 Nc5 30. Rxf4 d2 31. Be2 Re8 32. Kf1 Ne4 33. Bf3 Ng5 34. Be2 Nxh3 35. Rd4 Rf8+ 36. Kg2 Nf4+ 37. Kh2 Nxe2 38. Rxd2 Rf2+ 0-1

[Event "Nezhmetdinov Memorial 30th"]
[Site "Kazan"]
[Date "2008.06.07"]
[Round "7"]
[White "Amirkhanov, Roustem"]
[Black "Tokarev, Ilya"]
[Result "0-1"]
[WhiteElo "2278"]
[BlackElo "2223"]
[PlyCount "86"]
[EventDate "2008.06.01"]
[EventType "swiss"]
[EventRounds "9"]
[EventCountry "RUS"]
[SourceTitle "EXT 2009"]
[Source "ChessBase"]
[SourceDate "2008.11.26"]
[SourceVersion "1"]
[SourceVersionDate "2008.11.26"]
[SourceQuality "1"]

1. Nf3 d5 2. c4 c6 3. g3 Bg4 4. Ne5 Be6 5. d4 Nd7 6. Nf3 dxc4 7. Bg2 Ngf6 8. 0-0 Nb6 9. Ng5 Bg4 10. h3 Bh5 11. a4 a5 12. g4 Bg6 13. f4 Bxb1 14. Rxb1 e6 15. b3 c3 16. Qd3 Bb4 17. f5 Qd7 18. fxe6 fxe6 19. Bf4 0-0-0 20. Be5 h5 21. gxh5 Rxh5 22. Nf3 Qe8 23. Bh2 Nbd7 24. Qc2 Nf8 25. e3 Qg6 26. Ne1 Qxc2 27. Nxc2 Ng6 28. Rf2 Nh4 29. Be5 Nd7 30. Bg3 Nxg2 31. Kxg2 Rdh8 32. Rh1 Nf6 33. Be5 Ng4 34. Rf7 Nxe5 35. dxe5 Rd8 36. Rhf1 Rd2+ 37. R1f2 Rxe5 38. Rxg7 Rxf2+ 39. Kxf2 Rd5 40. Rg2 Rd1 41. h4 Rh1 42. Kg3 Be7 43. Rh2 Bd6+ 0-1

[Event "Nezhmetdinov Memorial 30th"]
[Site "Kazan"]
[Date "2008.06.04"]
[Round "4"]
[White "Burger, Konstantin"]
[Black "Amirkhanov, Roustem"]
[Result "0-1"]
[WhiteElo "2120"]
[BlackElo "2278"]
[PlyCount "138"]
[EventDate "2008.06.01"]
[EventType "swiss"]
[EventRounds "9"]
[EventCountry "RUS"]
[SourceTitle "EXT 2009"]
[Source "ChessBase"]
[SourceDate "2008.11.26"]
[SourceVersion "1"]
[SourceVersionDate "2008.11.26"]
[SourceQuality "1"]

1. e4 e5 2. Nf3 Nc6 3. Bb5 a6 4. Ba4 Nf6 5. 0-0 Be7 6. Re1 b5 7. Bb3 d6 8. c3 0-0 9. h3 Na5 10. Bc2 c5 11. d4 Nd7 12. Nbd2 exd4 13. cxd4 Nc6 14. d5 Nce5 15. Nxe5 Nxe5 16. f4 Ng6 17. Nf3 Bh4 18. Nxh4 Qxh4 19. Rf1 f5 20. e5 dxe5 21. fxe5 Nxe5 22. Bf4 Nf7 23. Be3 c4 24. Bd4 f4 25. Bc3 Ng5 26. Be1 Qh6 27. h4 Nf7 28. Qd4 Nd6 29. Bb4 Bf5 30. Bxf5 Rxf5 31. Rae1 Qf6 32. Qc5 f3 33. Rxf3 Rxf3 34. gxf3 Qg6+ 35. Kh1 Rd8 36. Qc7 Qf6 37. Bxd6 h6 38. Bf4 Rxd5 39. Qc8+ Kh7 40. Qg4 Qxb2 41. Bxh6 Qf6 42. Bg5 Qg6 43. Qe4 Rd6 44. Kg2 c3 45. Qxg6+ Kxg6 46. Rc1 b4 47. Kf2 a5 48. Rc2 a4 49. Bc1 Rb6 50. Kg3 Rc6 51. Bd2 Kh7 52. Bc1 b3 53. Re2 Rb6 54. axb3 axb3 55. Bb2 cxb2 56. Rxb2 Kg6 57. Kf4 Rb4+ 58. Kg3 Kf5 59. Kf2 Kf4 60. Ke2 Rb6 61. Kf2 Rb7 62. Kg2 Ke3 63. Kg3 Kd3 64. Kg4 Kc3 65. Rb1 b2 66. f4 Kc2 67. Rf1 b1Q 68. Rxb1 Rxb1 69. Kf5 Rb6 0-1

[Event "Nezhmetdinov Memorial 30th"]
[Site "Kazan"]
[Date "2008.06.03"]
[Round "3"]
[White "Amirkhanov, Roustem"]
[Black "Kuporosov, Viktor"]
[Result "0-1"]
[WhiteElo "2278"]
[BlackElo "2448"]
[PlyCount "108"]
[EventDate "2008.06.01"]
[EventType "swiss"]
[EventRounds "9"]
[EventCountry "RUS"]
[SourceTitle "EXT 2009"]
[Source "ChessBase"]
[SourceDate "2008.11.26"]
[SourceVersion "1"]
[SourceVersionDate "2008.11.26"]
[SourceQuality "1"]

1. e4 c5 2. Nf3 e6 3. c3 Nf6 4. e5 Nd5 5. d4 cxd4 6. cxd4 d6 7. Bc4 Nb6 8. Bd3 Nc6 9. 0-0 Be7 10. Nc3 Nb4 11. Be4 d5 12. Bb1 Bd7 13. a3 Nc6 14. b4 Rc8 15. Qd3 Nc4 16. Nd2 Nxd2 17. Bxd2 a6 18. Ne2 Qb6 19. Be3 Na7 20. Rc1 Bb5 21. Rxc8+ Nxc8 22. Qc2 Qc6 23. Nc3 Bc4 24. f4 g6 25. g4 h5 26. g5 Nb6 27. Nd1 Kd7 28. Nb2 Rc8 29. Kf2 Qb5 30. Bd2 Ba2 31. Qd3 Bxb1 32. Qxb1 Nc4 33. Nxc4 Rxc4 34. Qd3 Qc6 35. Qe3 Bd8 36. Rc1 Bb6 37. Rxc4 Qxc4 38. Bc3 Qa2+ 39. Qe2 Qb3 40. Qb2 Qd1 41. b5 a5 42. Ke3 Qh1 43. Qc2 h4 44. Bb2 Qf1 45. Qe2 Qh3+ 46. Kd2 Qb3 47. Kc1 h3 48. Qf1 Qe3+ 49. Kc2 Bxd4 50. Bxd4 Qxd4 51. Qd3 Qxf4 52. Qc3 Qa4+ 53. Qb3 Qe4+ 54. Qd3 Qxe5 0-1

[Event "Kazan Region-ch 6th"]
[Site "Kazan"]
[Date "2008.01.28"]
[Round "6"]
[White "Amirkhanov, Roustem"]
[Black "Talov, Nikita"]
[Result "1-0"]
[WhiteElo "2291"]
[BlackElo "1973"]
[PlyCount "33"]
[EventDate "2008.01.23"]
[EventType "swiss"]
[EventRounds "9"]
[EventCountry "RUS"]
[SourceTitle "CBM 122 Extra"]
[Source "ChessBase"]
[SourceDate "2008.03.04"]
[SourceVersion "1"]
[SourceVersionDate "2008.03.04"]
[SourceQuality "1"]

1. e4 c5 2. Nf3 Nc6 3. Bb5 d6 4. Bxc6+ bxc6 5. 0-0 g6 6. d4 cxd4 7. Qxd4 e5 8. Qa4 Qc7 9. Na3 Bg4 10. Nd2 Bg7 11. Ndc4 Nf6 12. f3 Be6 13. Rd1 Rd8 14. Bd2 Rd7 15. Bb4 d5 16. exd5 cxd5 17. Nd6+ 1-0

[Event "Kazan City-ch"]
[Site "Kazan"]
[Date "2007.12.13"]
[Round "11"]
[White "Kamov, Igor"]
[Black "Amirkhanov, Roustem"]
[Result "1/2-1/2"]
[WhiteElo "2189"]
[BlackElo "2264"]
[PlyCount "22"]
[EventDate "2007.11.24"]
[EventType "swiss"]
[EventRounds "11"]
[EventCountry "RUS"]
[SourceTitle "EXT 2009"]
[Source "ChessBase"]
[SourceDate "2008.11.26"]
[SourceVersion "1"]
[SourceVersionDate "2008.11.26"]
[SourceQuality "1"]

1. d4 d5 2. c4 c6 3. cxd5 cxd5 4. Nc3 Nc6 5. Nf3 Nf6 6. Qb3 e6 7. Bg5 Be7 8. e3 0-0 9. Be2 Qb6 10. Qxb6 axb6 11. 0-0 Bd7 1/2-1/2

[Event "Tatarstan-ch op"]
[Site "Kazan"]
[Date "2007.08.21"]
[Round "2"]
[White "Amirkhanov, Roustem"]
[Black "Sitdikova, Liya"]
[Result "1-0"]
[WhiteElo "2242"]
[BlackElo "2045"]
[PlyCount "95"]
[EventDate "2007.08.20"]
[EventType "swiss"]
[EventRounds "9"]
[EventCountry "RUS"]
[SourceTitle "EXT 2009"]
[Source "ChessBase"]
[SourceDate "2008.11.26"]
[SourceVersion "1"]
[SourceVersionDate "2008.11.26"]
[SourceQuality "1"]

1. c4 Nf6 2. Nc3 g6 3. g3 Bg7 4. Bg2 d6 5. e3 0-0 6. Nge2 Nbd7 7. 0-0 c6 8. Rb1 e5 9. b4 Nb6 10. d3 d5 11. cxd5 Nbxd5 12. b5 c5 13. Nxd5 Nxd5 14. Ba3 Nb4 15. Bxb4 cxb4 16. Rxb4 Qd6 17. Qd2 Rd8 18. d4 Bg4 19. Nc1 Bf8 20. Rb3 Qb6 21. d5 Rac8 22. Nd3 Bd6 23. a4 a5 24. Rc1 Bd7 25. Rbc3 Rxc3 26. Qxc3 Rc8 27. Qb2 Rc7 28. Rxc7 Qxc7 29. Qc1 Qxc1+ 30. Nxc1 Bf5 31. e4 Bg4 32. f3 Bd7 33. h4 Kf8 34. Kh2 Ke7 35. Bh3 f5 36. Nd3 b6 37. Nb2 Bc5 38. Nc4 Bd4 39. exf5 gxf5 40. g4 fxg4 41. Bxg4 Bxg4 42. fxg4 Kf6 43. Kg3 Ke7 44. Kf3 h5 45. gxh5 Ke8 46. Ke4 Bf2 47. Kxe5 Bxh4 48. Ke6 1-0

[Event "Nezhmetdinov Memorial 29th"]
[Site "Kazan"]
[Date "2007.06.06"]
[Round "6"]
[White "Amirkhanov, Roustem"]
[Black "Voitsekhovsky, Stanislav"]
[Result "1/2-1/2"]
[WhiteElo "2242"]
[BlackElo "2503"]
[PlyCount "53"]
[EventDate "2007.06.01"]
[EventType "swiss"]
[EventRounds "9"]
[EventCountry "RUS"]
[SourceTitle "CBM 119 Extra"]
[Source "ChessBase"]
[SourceDate "2007.09.04"]
[SourceVersion "1"]
[SourceVersionDate "2007.09.04"]
[SourceQuality "1"]

1. e4 c5 2. Nf3 d6 3. Bb5+ Nc6 4. Bxc6+ bxc6 5. d3 e5 6. h3 f5 7. c4 fxe4 8. dxe4 Be7 9. Nc3 Nf6 10. Bg5 0-0 11. Qd2 Be6 12. b3 a5 13. 0-0 Nh5 14. Bxe7 Qxe7 15. Qg5 Qe8 16. Rfd1 h6 17. Qe3 Qe7 18. Kh2 Rf7 19. Rd2 Raf8 20. Ng1 Rf6 21. Rad1 Bc8 22. f3 Nf4 23. Nce2 Ng6 24. Rc2 Qd7 25. Qd2 Rd8 26. Kh1 Qc7 27. Kh2 1/2-1/2

[Event "Muhamedzjanov Memorial"]
[Site "Kazan"]
[Date "2007.02.02"]
[Round "8"]
[White "Amirkhanov, Roustem"]
[Black "Solovyev, Mikhail Vladislavov"]
[Result "1-0"]
[WhiteElo "2220"]
[BlackElo "2097"]
[PlyCount "71"]
[EventDate "2007.01.26"]
[EventType "swiss"]
[EventRounds "9"]
[EventCountry "RUS"]
[SourceTitle "EXT 2008"]
[Source "ChessBase"]
[SourceDate "2007.11.25"]
[SourceVersion "1"]
[SourceVersionDate "2007.11.25"]
[SourceQuality "1"]

1. Nf3 Nf6 2. g3 g6 3. Bg2 Bg7 4. 0-0 0-0 5. d4 d5 6. c4 c6 7. cxd5 cxd5 8. Nc3 b6 9. Ne5 Bb7 10. Bf4 Nh5 11. Qb3 Nxf4 12. gxf4 e6 13. e3 Nc6 14. Nxc6 Bxc6 15. Rac1 Qd7 16. Rc2 a5 17. a4 Rfc8 18. Rfc1 Bf8 19. Bf1 h5 20. Bb5 Bb4 21. Ne4 dxe4 22. Bxc6 Rxc6 23. Rxc6 Kg7 24. Rc7 Qe8 25. Qc2 e5 26. fxe5 Qe6 27. Qxe4 Re8 28. Qf3 Be7 29. R1c6 Qb3 30. d5 Kh6 31. h3 f5 32. Qxf5 Qd1+ 33. Kg2 Rg8 34. Rxe7 Qxa4 35. Qf4+ Qxf4 36. exf4 1-0

[Event "Muhamedzjanov Memorial"]
[Site "Kazan"]
[Date "2007.02.01"]
[Round "7"]
[White "Vafin, Nail G"]
[Black "Amirkhanov, Roustem"]
[Result "0-1"]
[WhiteElo "2114"]
[BlackElo "2220"]
[PlyCount "104"]
[EventDate "2007.01.26"]
[EventType "swiss"]
[EventRounds "9"]
[EventCountry "RUS"]
[SourceTitle "EXT 2008"]
[Source "ChessBase"]
[SourceDate "2007.11.25"]
[SourceVersion "1"]
[SourceVersionDate "2007.11.25"]
[SourceQuality "1"]

1. e4 c6 2. d4 g6 3. d5 Bg7 4. c4 Na6 5. Nc3 Nc5 6. Bd3 d6 7. Nge2 Nf6 8. Rb1 0-0 9. b4 Nxd3+ 10. Qxd3 cxd5 11. cxd5 Bd7 12. 0-0 Ng4 13. h3 Ne5 14. Qg3 Nc4 15. b5 Rc8 16. Bg5 h6 17. Bf4 Qa5 18. Rb3 Kh7 19. Qd3 Nb2 20. Qd2 Na4 21. Nb1 Qxd2 22. Bxd2 Rc2 23. a3 Rfc8 24. Rc1 Rxc1+ 25. Bxc1 Rc5 26. b6 Nxb6 27. Be3 Rb5 28. Nd2 Nc4 29. Rxb5 Bxb5 30. Nxc4 Bxc4 31. Nd4 a6 32. f3 e6 33. dxe6 fxe6 34. Kf2 Kg8 35. f4 Kf7 36. Kf3 d5 37. g4 b5 38. f5 dxe4+ 39. Kxe4 Bd5+ 40. Kd3 gxf5 41. gxf5 e5 42. Ne2 Bc4+ 43. Kd2 Bxe2 44. Kxe2 Kf6 45. Bc5 Kxf5 46. Kf3 h5 47. Ke3 Bh6+ 48. Kf3 e4+ 49. Kg3 Bf4+ 50. Kf2 Ke5 51. Ke2 Kd5 52. Bb6 Bd6 0-1